Korean : 2016 -2017 TV Dramas - Statistics

General Stats
  • This quiz has been taken 582 times
    581 since last reset
  • The average score is 8 of 15
Answer Stats
Hint Answer % Correct
Lee Jong-suk and Han Hyo-joo W
94%
Gong Yoo and Kim Go-eun Goblin
75%
Lee Jong-suk and Bae Suzy While You Were Sleeping
74%
Song Joong-ki and Song Hye-kyo Descendants of the Sun
73%
Nam Joo-hyuk and Lee Sung-kyung Weightlifting Fairy Kim Bok-joo
66%
Park Hyung-sik and Park Bo-young Strong Woman Do Bong-soon
65%
Lee Min-ho and Jun Ji-hyun Legend of the Blue Sea
61%
Park Seo-joon and Kim Ji-won Fight for My Way
57%
Ji Chang-wook and Nam Ji-hyun Suspicious Partner
53%
Kim Woo-bin and Bae Suzy Uncontrollably Fond
53%
Kim Rae-won and Park Shin-hye Doctors
45%
Park Hyung-sik and Go Ara Hwarang
45%
Yoo Seung-ho and Chae Soo-bin I'm Not a Robot
37%
Song Seung-heon and Go Ara Black
28%
Choi Siwon and Kang So-ra Revolutionary Love
18%
No matching quizzes found
Score Distribution
Percent of People with Each Score
Percentile by Number Answered
Your Score History
You have not taken this quiz since the last reset